| 000 | 00873nac a22002771u 4500 | ||
|---|---|---|---|
| 003 | EG-ScBUE | ||
| 005 | 20220904095449.0 | ||
| 008 | 200219t2002 nyua f 000 0beng d | ||
| 020 | _a3823855441 | ||
| 040 |
_aEG-ScBUE _beng _erda _cEG-ScBUE _dEG-ScBUE |
||
| 082 | 0 | 4 |
_a759.5 _bMIC _222 |
| 245 | 0 | 0 |
_aMichael Angelo Buonarroti / _cphotographs by Roger Casas. |
| 264 | 1 |
_aNew York : _bteNeues Publishing Company, _c[2002] |
|
| 264 | 4 | _cc2002 | |
| 300 |
_a80 pages : _bcolor illustrations ; _c20 cm |
||
| 336 |
_2rdacontent _atext _btxt |
||
| 337 |
_2rdamedia _aunmediated _bn |
||
| 338 |
_2rdacarrier _avolume _bnc |
||
| 600 | 0 | 7 |
_aMichelangelo Buonarroti, _d1475-1564. _2BUEsh |
| 650 | 7 |
_aDrawing Artists. _zItaly. _2BUEsh |
|
| 651 | _2BUEsh | ||
| 653 | _bENGARC | ||
| 655 |
_vReading book _934232 |
||
| 700 | 1 |
_aCasas, Roger, _d1974- _ephotographer. |
|
| 942 |
_cBB _2ddc |
||
| 999 |
_c3179 _d3179 |
||